| 000 | 00839nam a2200229Ia 4500 | ||
|---|---|---|---|
| 001 | L232-6627 | ||
| 003 | IT-CnALBA | ||
| 008 | 170116s9999||||xx |||||||||||||| ||und|| | ||
| 040 |
_aIT-CnALBA _cIT-CnALBA |
||
| 041 | _aITALIANO | ||
| 100 | _aMAZZOLARI D. PRIMO | ||
| 245 | 0 | _aDIETRO LA CROCE. | |
| 250 | _a1a ed. | ||
| 260 |
_a PISA. FIR. FAENZA _bSALESIANA LIBR. EDIT. _c1942 [1° Ed.:1942 - Ed.Ling.Originale: 1942] |
||
| 300 | _a146 p. (prefazione: 5) | ||
| 500 | _aPREFAZIONE DI NINO SALVANESCHI. CENACOLO. GETSEMANI. CALVARIO. PASQUA. | ||
| 501 | _aSocietà San Paolo EM - Piazza San Paolo, 14 - 12051 ALBA (CN) (non commercial uses only) ® Copyright 2017 | ||
| 520 | _aPREFAZIONE DI NINO SALVANESCHI. CENACOLO. GETSEMANI. CALVARIO. PASQUA. | ||
| 650 | _aVITA E MISTERO DI CRISTO | ||
| 942 | _cBK | ||
| 957 | _71 | ||
| 999 |
_a7603 _bSI _g Copie: 1 _c265809 _d265809 |
||